000
00314nam a2200133Ia 4500
008
191201s2005 xx 000 0 und d
100
_a
JAMES, R.C.
245
0
_a
Mathematics Dictionary
250
_a
4th
260
_a
N.Delhi
_b
C B S Publisher
_c
2005
300
_a
509
650
_a
General Books
942
_2
ddc
_c
BK
999
_c
2443
_d
2443